| 000 | 003740000a22001210004500 | ||
|---|---|---|---|
| 090 |
_aAR _b04468 |
||
| 245 | 1 | 0 | _aConserving what and for whom? why conservation should help meet basic human needs in the tropics |
| 041 | 0 | _aEspaƱol | |
| 700 | 1 |
_aSheil, Douglas _997530 |
|
| 100 | 1 |
_aKaimowith, David _998365 |
|
| 942 | _cARTICULO | ||
| 773 | 1 |
_tBiotropica _h5 _q567-574 p. _d2007 _g39 |
|
| 999 |
_c13567 _d13567 |
||